LEADER 01178nam0-22003251i-450- 001 990005769710403321 005 20150924134721.0 035 $a000576971 035 $aFED01000576971 035 $a(Aleph)000576971FED01 035 $a000576971 100 $a19990604e19111936km-y0itay50------ba 101 0 $ager 102 $aGB 105 $ay-------001yy 200 1 $aPhilologischer Kommentar zur Peregrinatio Aetheriae$eUntersuchungen zur Geschichte der lateinischen Sprache$fEinar Löfstedt 210 $aOxford; Uppsala; Leipzig$cB. H. Blackwell$cAlmquist & Wiksell$cOtto Harrassowitz$d1936 215 $a359 p.$d25 cm 325 $aUnveränderter anastaticher neudruck nach der auflage von 1911 (al front.). - 610 0 $aLingua latina$aTesti 676 $a470 700 1$aLöfstedt,$bEinar$0395032 801 0$aIT$bUNINA$gRICA$2UNIMARC 901 $aBK 912 $a990005769710403321 952 $aP2B-650-EGERIA-8L.E.-1936$bIst.Fil.mod. 3537$fFLFBC$mB10-04768 952 $aP2B-650-EGERIA-8L.E.-1936 bis$bIst.Glott. s.i.$fFLFBC$mBRAU-41172 952 $aP2B-650-EGERIA-8L.E.-1936 ter$bIst.Glott. s.i.$fFLFBC$mBRAU-41154 959 $aFLFBC 997 $aUNINA LEADER 00987nam0-2200337li-450 001 990000144790203316 005 20180312154800.0 010 $a0-262-19297-7 035 $a0014479 035 $aUSA010014479 035 $a(ALEPH)000014479USA01 035 $a0014479 100 $a20001109d1993----km-y0itay0103----ba 101 0 $aeng 102 $aUS 200 1 $aConcurrent constraint programming$fVijay A. Saraswat 210 $aCambridge (Mass.)$cMIT Press$dcopyr. 1993 610 1 $aprogrammazione parallela 676 $a005.131$9. 700 1$aSaraswat,$bVijay A.$0753169 801 $aSistema bibliotecario di Ateneo dell' Università di Salerno$gRICA 912 $a990000144790203316 951 $a005.131 SAR$b0004836 959 $aBK 969 $aTEC 979 $c19940916 979 $c20001110$lUSA01$h1712 979 $c20020403$lUSA01$h1622 979 $aPATRY$b90$c20040406$lUSA01$h1611 996 $aConcurrent constraint programming$91515057 997 $aUNISA LEADER 01226nam--2200409---450- 001 990000537050203316 005 20050905131315.0 010 $a0-03-071326-9 035 $a0053705 035 $aUSA010053705 035 $a(ALEPH)000053705USA01 035 $a0053705 100 $a20010702d1985----km-y0itay0103----ba 101 $aeng 102 $aUS 105 $a||||||||001yy 200 1 $aPolitical communication in America$fRobert E. Denton, Gary C. Woodward 210 $aNew York$cPraeger$d1985 215 $aXVI, 364 p.$d24 cm 410 $12001 461 1$1001-------$12001 606 0 $aComunicazione$xAspetti politici$yStati Uniti d'America 676 $a306.20973 700 1$aDENTON,$bRobert E.$0532290 701 1$aWOODWARD,$bGary C.$0546221 801 0$aIT$bsalbc$gISBD 912 $a990000537050203316 951 $aIV.1. 784(XV E 30)$b109995 LM$cXV E 959 $aBK 969 $aUMA 979 $aPATTY$b90$c20010702$lUSA01$h1444 979 $aPATTY$b90$c20010702$lUSA01$h1444 979 $c20020403$lUSA01$h1703 979 $aPATRY$b90$c20040406$lUSA01$h1637 979 $aCOPAT1$b90$c20050905$lUSA01$h1313 996 $aPolitical communication in America$9885715 997 $aUNISA